Country by clue (Europe) - Statistics

General Stats
  • This quiz has been taken 34 times
  • The average score is 24 of 25
Answer Stats
Clue Country % Correct
12) Vienna, Alps, Central Europe, Mozart Austria
100%
19) French fries, Antwerp, Flanders, waffles Belgium
100%
14) Dubrovnik, Adriatic coast, Zagreb Croatia
100%
6) Prague, Brno, Central Europe, Znojmo Czech Republic
100%
16) Jutland, Aalborg, Danish, Scandinavia Denmark
100%
4) Oktoberfest, Bavaria, Berlin, Bratwurst Germany
100%
5) Emerald Isle, Dublin, Blarney Stone Ireland
100%
8) Colosseum, Vesuvius, Sicily, boot shape Italy
100%
15) Windmills, Rotterdam, canals, tulips Netherlands
100%
10) Fjords, Nordic, Oslo, Scandinavia Norway
100%
20) Churches, Gdansk, Poles, Warsaw Poland
100%
25) Malmo, Scandinavia, Stockholm Sweden
100%
7) Chocolate, Matterhorn, Zurich, Alps Switzerland
100%
13) Kyiv, Chernobyl, Eastern Europe, Borscht Ukraine
100%
21) Lapland, Winter War, snow, Tampere Finland
97%
11) Acropolis, Athens, Santorini, islands Greece
97%
3) Volcanoes, Nordic, Hallgrimskirkja, island Iceland
97%
1) St Pauls Bay, Mediterranean, island nation Malta
97%
9) Micro nation, Rome, Catholicism, Pope Vatican City
97%
2) Pyrenees, La Vella, Brandy, small state Andorra
94%
24) Tallinn, Skype, Baltic, Toompea castle Estonia
94%
23) Baltic, Vilnius, Trakai island castle Lithuania
94%
17) Monte Carlo, F1 Grand Prix, micro nation Monaco
94%
22) Breakaway state, Pristina, southern Europe Kosovo
90%
18) Castles, micro state, prince, Vaduz Liechtenstein
90%
No matching quizzes found
Score Distribution
Percent of People with Each Score
Percentile by Number Answered
Your Score History
You have not taken this quiz